Le Christianisme medieval et moderne / (Record no. 76857)

MARC details
000 -LEADER
campo de control de longitud fija 00415nam a2200145 i 4500
001 - NÚMERO DE CONTROL
campo de control 76857
003 - IDENTIFICADOR DE NÚMERO DE CONTROL
campo de control ES-MaACL
007 - CAMPO FIJO DE DESCRIPCIÓN FÍSICA--INFORMACIÓN GENERAL
campo de control de longitud fija t|
008 - DATOS DE LONGITUD FIJA--INFORMACIÓN GENERAL
campo de control de longitud fija 041005s1927 fr ||||1| fre d
100 1# - ENTRADA PRINCIPAL--NOMBRE DE PERSONA
Nombre de persona Guignebert, Charles.
9 (RLIN) 60664
245 13 - MENCIÓN DEL TÍTULO
Título Le Christianisme medieval et moderne /
Mención de responsabilidad, etc. Charles Guignebert.
260 ## - PUBLICACIÓN, DISTRIBUCIÓN, ETC.
Lugar de publicación, distribución, etc. Paris :
Nombre del editor, distribuidor, etc. [s.n.,
Fecha de publicación, distribución, etc. 1927] (
Lugar de fabricación/manufactura Lagny :
Fabricante E. Grevin)
300 ## - DESCRIPCIÓN FÍSICA
Extensión 324 p. ;
Dimensiones 19 cm.
852 ## - LOCALIZACIÓN
Ubicación ES-MaACL
Número de control de estantería B-6454
Holdings
Estatus retirado Estado de pérdida Estado de daño No para préstamo Biblioteca de origen Biblioteca actual Ubicación en estantería Fecha de adquisición Fuente de adquisición Total de préstamos Signatura topográfica completa Código de barras Visto por última vez Precio de reemplazo Tipo de ítem Koha
        Biblioteca del Ateneo de Madrid Biblioteca del Ateneo de Madrid Sala Pardo Bazán 17/01/2008     B-6454 1080422 23/02/2023 23/02/2023 Libro impreso